Covid-19 Pandemic: (Record no. 186760)

MARC details
000 -LEADER
fixed length control field 00655nam a22001937a 4500
005 - DATE AND TIME OF LATEST TRANSACTION
control field 20220314170402.0
010 ## - LCCN (DPL NO)
LC control number ENG-131981
020 ## - INTERNATIONAL STANDARD BOOK NUMBER
International Standard Book Number 9789386695284
Terms of availability 895.00
035 ## - SYSTEM CONTROL NUMBER
System control number EN-115513
037 ## - SOURCE OF ACQUISITION
Source of stock number/acquisition DBAD
082 ## - DEWEY DECIMAL CLASSIFICATION NUMBER
Classification number 362.1963414
245 ## - TITLE STATEMENT
Title Covid-19 Pandemic:
Remainder of title A Global Challenge/
Statement of responsibility, etc Edited by Raj Pal Singh, Anupama Sihag and Rakesh Kumar
260 ## - PUBLICATION, DISTRIBUTION, ETC. (IMPRINT)
Place of publication, distribution, etc New Delhi
Name of publisher, distributor, etc Aryan Publication
Date of publication, distribution, etc 2020
270 ## - ADDRESS
Address 110, Gali No. 4, Harphool Vihar, Barpraula
City New Delhi
Postal code 110043
Electronic mail address aryanpublication12@gmail.com
300 ## - PHYSICAL DESCRIPTION
Extent 283p.
Dimensions 23cm(hbk)
700 ## - ADDED ENTRY--PERSONAL NAME
Personal name Sihag, Anupama
700 ## - ADDED ENTRY--PERSONAL NAME
Personal name Kumar, Rakesh
942 ## - ADDED ENTRY ELEMENTS (KOHA)
Source of classification or shelving scheme Dewey Decimal Classification
Item type English Books
Classification part 362.1962414
Call number suffix COV
Holdings
Withdrawn status Lost status Not for loan Collection code Home library Current library Date acquired Source of acquisition Cost, normal purchase price Full call number Barcode Copy number Cost, replacement price Koha item type
      Non-fiction Central Library Central Library 14/03/2022 DBAD/PUB 895.00 362.1962414 COV EN-115513 1 895.00 English Books

© Delhi Public Library
Hit Counter
free hit counter